000 00423nam a2200169Ia 4500
001 23612
005 20260414150949.0
008 260414t2006||||xx |||||||||||||| ||spa||
041 _aESP
082 _a670.42
_bR81 2006
100 _aRomero Hernández, Omar
_eAUT
245 0 _aIntroducción a la ingeniería :
_bun enfoque industrial
260 _c2006
650 _aTCA
654 _aCII
942 _cLIB
_dJUS
_fJUS
_2ddc
_n
999 _c23612
_d23612